Contemporary issues on international law and human rights : (Record no. 1260)
[ view plain ]
| 000 -LEADER | |
|---|---|
| fixed length control field | 00699nam a22002297a 4500 |
| 001 - CONTROL NUMBER | |
| control field | 13336 |
| 003 - CONTROL NUMBER IDENTIFIER | |
| control field | BD-DhUAP |
| 005 - DATE AND TIME OF LATEST TRANSACTION | |
| control field | 20200204132157.0 |
| 008 - FIXED-LENGTH DATA ELEMENTS--GENERAL INFORMATION | |
| fixed length control field | 200204s2007 bg ||||| b||| 00| 0 eng d |
| 020 ## - INTERNATIONAL STANDARD BOOK NUMBER | |
| International Standard Book Number | 9843000006310 |
| 040 ## - CATALOGING SOURCE | |
| Original cataloging agency | BD-DhUAP |
| Language of cataloging | Eng |
| Transcribing agency | BD-DhUAP |
| Modifying agency | BD-DhUAP |
| 082 ## - DEWEY DECIMAL CLASSIFICATION NUMBER | |
| Edition number | 23 |
| Classification number | 341.48 KHA |
| 100 ## - MAIN ENTRY--PERSONAL NAME | |
| Personal name | Khan, Arif. |
| 245 ## - TITLE STATEMENT | |
| Title | Contemporary issues on international law and human rights : |
| Remainder of title | Bangladesh perspective / |
| Statement of responsibility, etc. | Arif Khan. |
| 250 ## - EDITION STATEMENT | |
| Edition statement | 1st ed. |
| 260 ## - PUBLICATION, DISTRIBUTION, ETC. | |
| Place of publication, distribution, etc. | Dhaka, Bangladesh : |
| Name of publisher, distributor, etc. | CCB Foundation, |
| Date of publication, distribution, etc. | c2007. |
| 300 ## - PHYSICAL DESCRIPTION | |
| Extent | xiv, 560 pages ; |
| Dimensions | 22 cm. |
| 504 ## - BIBLIOGRAPHY, ETC. NOTE | |
| Bibliography, etc. note | Includes bibliographies. |
| 650 ## - SUBJECT ADDED ENTRY--TOPICAL TERM | |
| Topical term or geographic name entry element | Human rights |
| Geographic subdivision | Bangladesh. |
| 650 ## - SUBJECT ADDED ENTRY--TOPICAL TERM | |
| Topical term or geographic name entry element | International Law. |
| 942 ## - ADDED ENTRY ELEMENTS (KOHA) | |
| Source of classification or shelving scheme | |
| Koha item type | Book |
| Withdrawn status | Lost status | Source of classification or shelving scheme | Damaged status | Not for loan | Permanent Location | Current Location | Shelving location | Date acquired | Total Checkouts | Full call number | Barcode | Date last seen | Date last checked out | Copy number | Price effective from | Koha item type | Total Renewals |
|---|---|---|---|---|---|---|---|---|---|---|---|---|---|---|---|---|---|
| UAP Central Library | UAP Central Library | General Stacks | 2020-02-04 | 5 | 341.48 KHA | 3010013336 | 2023-11-26 | 2023-11-08 | 1 | 2020-02-04 | Book | ||||||
| UAP Central Library | UAP Central Library | General Stacks | 2020-02-04 | 2 | 341.48 KHA | 3010013335 | 2025-11-10 | 2025-10-29 | 2 | 2020-02-04 | Book | ||||||
| UAP Central Library | UAP Central Library | General Stacks | 2020-02-04 | 3 | 341.48 KHA | 3010011055 | 2023-09-12 | 2023-08-31 | 3 | 2020-02-04 | Book | ||||||
| UAP Central Library | UAP Central Library | General Stacks | 2020-02-04 | 1 | 341.48 KHA | 3010013337 | 2025-08-13 | 2025-08-03 | 4 | 2020-02-04 | Book | ||||||
| UAP Central Library | UAP Central Library | General Stacks | 2020-02-04 | 1 | 341.48 KHA | 3010011056 | 2023-09-07 | 2023-09-03 | 5 | 2020-02-04 | Book | ||||||
| UAP Central Library | UAP Central Library | General Stacks | 2020-02-04 | 4 | 341.48 KHA | 3010011058 | 2024-12-18 | 2024-12-15 | 6 | 2020-02-04 | Book | ||||||
| UAP Central Library | UAP Central Library | General Stacks | 2020-02-04 | 3 | 341.48 KHA | 3010013334 | 2023-05-16 | 2023-05-06 | 7 | 2020-02-04 | Book | ||||||
| UAP Central Library | UAP Central Library | General Stacks | 2020-02-04 | 4 | 341.48 KHA | 3010013333 | 2024-12-18 | 2024-12-05 | 8 | 2020-02-04 | Book | 2 | |||||
| UAP Central Library | UAP Central Library | General Stacks | 2020-02-04 | 6 | 341.48 KHA | 3010013797 | 2025-07-30 | 2025-07-20 | 9 | 2020-02-04 | Book | ||||||
| UAP Central Library | UAP Central Library | General Stacks | 2020-02-04 | 7 | 341.48 KHA | 3010013796 | 2024-12-24 | 2024-12-15 | 10 | 2020-02-04 | Book | 6 | |||||
| UAP Central Library | UAP Central Library | General Stacks | 2020-02-04 | 3 | 341.48 KHA | 3010011059 | 2025-10-22 | 2025-10-18 | 11 | 2020-02-04 | Book | 2 |
Bengali Keyboard